1142 1235 1733 1132 1669 1473 1990 1512 1949 1516 1515 1082 1281 1147 1303 1476 1304 1053 1957 1720 1927 1950 1999 1965 1512 1372 1723 1972 1759 1383 1103 1507 1570 1444 1747 1151 1356 1590 1562 1303 1035 1100 1128 1762 1192 1949 1003 1703 1016 1098 1312 1436 1350 1023 1580 1988 1001 1373 1160 1017 1279 1649 1421 1856 1499 1201 1203 1479 1664 1467 1830 1860 1542 1961 1367 1055 1944 1930 1055 1804 1739 1366 1643 1496 1348 1551 1417 1008 1644 1662 1948 1659 1421 1256 1373 1031 1064 1053 1243 BCNSPRNW ULIB Ver.6.0+V

เปลี่ยนเป็นภาษาไทย

Change to English
 แสดงรายละเอียดบรรณานุกรม
  กลับหน้าหลัก

Brief Record : Get Marc (ISO 2709) : E-mail record : QR code < ปิดหน้าต่าง
LEADER : 00000nam 2200000uu 4500
001    13399115091
003     ULIB
008    120110s2545||||th 000 0 tha d
020    9742948798
099    วจ.WY20^bร415ค
100 0  รัชชนก สิทธิเวช
245 00 คุณลักษณะด้านการนิเทศของอาจารย์พยาบาลในคลินิก วิทยาลัยพยาบาลพระปกเกล้า จันทบุรี/^cรัชชนก สิทธิเวช
260    จันทบุรี :^bวิทยาลัยพยาบาลพระปกเกล้า จันทบุรี,^c2545
300    79 หน้า :^bตาราง
500    รายงานการวิจัย
650  7 การนิเทศ^xอาจารย์พยาบาล^xวิจัย
710 1  วิทยาลัยพยาบาลพระปกเกล้า จันทบุรี
945    ^p0^l0^i015233
995    ทศพร
999 ^a ทศพร
รายการนี้ยังไม่มีแท็ก
คุณยังไม่ได้ล็อกอิน คุณสามารถมีกิจกรรมร่วมกับเว็บไซต์ได้ แต่ต้องล็อกอินก่อน ::
  ล็อกอิน

รายการสื่อสารสนเทศ

ลำดับที่ ประเภท เลขเรียก/บาร์โค้ด สถานที่ สถานะ
1. งานวิจัย
งานวิจัย
วจ.WY20 ร415ค ฉ.1 
  Barcode: 015233
ห้องสมุดวิทยาเขตสวรรค์ประชารักษ์
►วิจัย
บนชั้น

รายการใกล้เคียง
    ผู้แต่ง [รัชชนก สิทธิเวช]

BibComment


ยังไม่เคยถูกคอมเมนท์

คอมเมนท์ทรัพยากรรายการนี้
  คอมเมนท์: คุณลักษณะด้านการน..


 Copyright 2026. Bcnsprnw @Library